[Event "AUTO-INT-1325"]
[Site "http://www.queenalice.com/game.php?id=595201"]
[Date "2009.5.29"]
[Round "1"]
[White "Aquariano"]
[Black "Mikhail_Sanderov"]
[Result "0-1"]
[WhiteElo "1616"]
[BlackElo "1609"]

1. d4 Nf6 2. c4 e5 3. dxe5 Ng4 4. Nc3 Bc5 5. e3 Nxe5 6. Nf3 Nbc6 7. Be2 O-O 8.
O-O d6 9. Nxe5 Nxe5 10. b3 Qf6 0-1

[Event "AUTO-INT-1325"]
[Site "http://www.queenalice.com/game.php?id=595210"]
[Date "2009.5.29"]
[Round "1"]
[White "Aquariano"]
[Black "Danado"]
[Result "0-1"]
[WhiteElo "1588"]
[BlackElo "1686"]

1. d4 d5 2. c4 dxc4 3. Nc3 h6 4. e4 Nf6 5. Bxc4 Nc6 6. Nf3 Bg4 7. Be3 e5 8. Be2
Bxf3 9. Bxf3 exd4 10. Bxd4 Nxd4 11. O-O Nxf3+ 12. Qxf3 Qd2 13. Nd5 Nxd5 14. exd5
Qxb2 15. Rae1+ Be7 16. Qe3 Qf6 17. Qc5 O-O 18. Qxe7 Qxe7 19. Rxe7 Rac8 20. h4
Rfe8 21. Rfe1 Kf8 0-1

[Event "AUTO-INT-1325"]
[Site "http://www.queenalice.com/game.php?id=595211"]
[Date "2009.5.29"]
[Round "1"]
[White "Danado"]
[Black "Aquariano"]
[Result "0-1"]
[WhiteElo "1630"]
[BlackElo "1865"]

1. e4 c5 2. Bc4 e6 3. Nf3 d6 4. O-O Nf6 5. e5 dxe5 6. Nxe5 Bd6 7. Nd3 Nc6 8. Bb5
Bd7 9. Bxc6 Bxc6 10. c4 O-O 11. f3 Bc7 12. Nf2 Qd6 13. Nc3 Qxh2# 0-1

[Event "Challenge"]
[Site "http://www.queenalice.com/game.php?id=595456"]
[Date "2009.5.29"]
[Round "-"]
[White "edgarchiroleo"]
[Black "Aquariano"]
[Result "1-0"]
[WhiteElo "1597"]
[BlackElo "1950"]

1. e4 c5 2. Bc4 e6 3. d4 cxd4 4. Qxd4 Nc6 5. Qe3 Be7 6. Nf3 d6 7. O-O Nf6 8. Nc3
O-O 9. Rd1 a6 10. e5 Ng4 11. Qf4 Ncxe5 12. Nxe5 Nxe5 13. Qg3 Ng6 14. Bb3 b5 15.
a3 Bb7 16. Be3 d5 17. Ne2 Rc8 18. c3 Bc5 19. Bxc5 Rxc5 20. Bc2 d4 21. Rxd4 Qf6
22. Bxg6 fxg6 23. Rf4 Rf5 24. Rxf5 gxf5 25. f4 Qd8 26. Qf2 Rf6 27. Qd4 Bd5 28.
Rd1 h5 29. Ng3 Qe8 30. Nf1 h4 31. Ne3 Qa8 32. Nxd5 exd5 33. Qxd5+ Qxd5 34. Rxd5
g6 35. Rc5 Kf8 36. c4 Rb6 37. cxb5 Rxb5 38. Rxb5 axb5 39. Kf2 Ke7 40. Ke3 Ke6
41. Kd4 Kd6 42. b3 Kc6 43. a4 bxa4 44. bxa4 Kd6 45. a5 Kc6 46. Ke5 Kb5 47. Kf6
Kxa5 48. Kxg6 Kb5 49. Kxf5 Kc5 50. Kg4 Kd5 51. Kxh4 Ke6 52. Kg5 Kf7 53. h4 Kg7
54. h5 Kh7 55. f5 Kg7 56. f6+ Kf7 57. h6 Kg8 58. g4 Kh8 59. f7 Kh7 60. Kh5 1-0

[Event "Challenge"]
[Site "http://www.queenalice.com/game.php?id=595458"]
[Date "2009.5.29"]
[Round "-"]
[White "Aquariano"]
[Black "conan"]
[Result "0-1"]
[WhiteElo "1682"]
[BlackElo "1645"]

1. d4 Nf6 2. c4 b6 3. Nc3 c6 4. Bf4 d6 5. Nf3 h6 6. e4 Bg4 7. Be2 d5 8. exd5
cxd5 9. O-O e6 10. Ne5 Bxe2 11. Qxe2 g5 12. Bg3 Bd6 13. cxd5 O-O 14. dxe6 fxe6
15. Ng6 Re8 16. Bxd6 Qxd6 0-1

[Event "Challenge"]
[Site "http://www.queenalice.com/game.php?id=595462"]
[Date "2009.5.29"]
[Round "-"]
[White "aureliano"]
[Black "Aquariano"]
[Result "0-1"]
[WhiteElo "1580"]
[BlackElo "1500"]

1. a4 e5 2. e4 Nf6 3. Qe2 Nc6 4. h4 Bc5 5. Qf3 Nd4 6. Qc3 Nxe4 7. Qc4 d5 8. Qa2
Nxc2+ 9. Ke2 Nxa1 10. Qxa1 Nxf2 11. Rh2 Bg4+ 12. Ke1 O-O 13. d3 Qf6 14. g3 e4
15. dxe4 Nxe4 16. Rg2 Bxg1 17. Bf4 Rfe8 18. Be2 Bxe2 19. Rxe2 Bf2+ 20. Kd1 Nxg3
21. Rxf2 Qd4+ 22. Rd2 Qxf4 23. b3 Rad8 24. Kc2 Re2 25. Qc3 c6 26. Kb2 Ne4 27.
Qd4 Rxd2+ 28. Nxd2 Qxd2+ 29. Qxd2 Nxd2 30. Kc3 Nf3 31. h5 d4+ 32. Kd3 Ne5+ 33.
Ke4 d3 34. Kxe5 d2 35. b4 d1=Q 36. b5 Rd5+ 37. Ke4 Qd3+ 38. Kf4 h6 39. Kg4 g5
40. bxc6 f5# 0-1

[Event "Challenge"]
[Site "http://www.queenalice.com/game.php?id=595607"]
[Date "2009.5.29"]
[Round "-"]
[White "aureliano"]
[Black "Aquariano"]
[Result "0-1"]
[WhiteElo "1597"]
[BlackElo "1821"]

1. c4 e6 2. Nc3 Nf6 3. Qb3 c6 4. h4 d5 5. d4 dxc4 6. Qxc4 Na6 7. a3 Bd7 8. Bf4
Be7 9. Qd3 Nd5 10. Bg3 c5 11. e4 cxd4 12. Qxd4 Nxc3 13. bxc3 O-O 14. Bd3 Nc5 15.
Bc2 Bb5 16. Qe3 Bd6 17. a4 Nd3+ 18. Bxd3 Bxd3 19. Qxd3 Bb4 20. Qe3 Ba5 21. Ne2
Rc8 22. O-O Re8 23. e5 Re7 24. Rac1 Qd7 25. Qe4 b6 26. h5 h6 27. Bh4 Ree8 28.
Rfd1 Qc6 29. Qg4 Kh7 30. Rd3 Rg8 31. Rf3 f5 32. Qg6+ Kh8 33. Qf7 Qe4 34. Nf4
Rxc3 35. Rd1 Rxf3 36. Ng6+ Kh7 37. gxf3 Qxf3 38. Nf8+ Rxf8 39. Qxf8 Qxd1+ 40.
Kg2 Qxh5 41. Bg3 Qg5 42. Qa8 f4 43. Qe4+ Kg8 44. Qc6 fxg3 45. Qxe6+ Kh7 46. fxg3
Bc3 47. g4 Qxe5 48. Qa2 Qe4+ 49. Kh3 Be1 50. Qf7 Qh1# 0-1

[Event "Challenge"]
[Site "http://www.queenalice.com/game.php?id=595611"]
[Date "2009.5.29"]
[Round "-"]
[White "Aquariano"]
[Black "aureliano"]
[Result "1-0"]
[WhiteElo "1740"]
[BlackElo "1584"]

1. e4 e5 2. Nf3 Bd6 3. Nc3 Nf6 4. Bc4 h6 5. d4 b6 6. dxe5 Ng4 7. exd6 cxd6 8.
Qd5 O-O 9. Qxa8 Nc6 10. Be3 a5 11. Nd5 Nb4 12. Nxb4 axb4 13. Qd5 Qc7 14. O-O-O
Bb7 15. Qxd6 Qxc4 16. Qxd7 Bxe4 17. Nd4 Ne5 18. Qb5 Qc7 19. f4 Nc4 20. Rhe1 Nd6
21. Qxb4 b5 22. c3 Nc4 23. Nxb5 Qc6 24. Rd4 Bd5 25. f5 Ra8 26. a3 Re8 27. Bf2
Rxe1+ 28. Bxe1 Ne3 29. g4 Ba2 30. Rd8+ Kh7 31. Qf8 Nxf5 32. Qh8+ Kg6 33. gxf5+
Kxf5 34. Qh7+ Kg5 35. Qxg7+ Kh5 36. Qe5+ Kg6 37. Rd6+ f6 38. Qxf6+ Kh5 39. Rxc6
Bb3 40. Qf5# 1-0

[Event "Challenge"]
[Site "http://www.queenalice.com/game.php?id=597015"]
[Date "2009.6.1"]
[Round "-"]
[White "Aquariano"]
[Black "gfreire"]
[Result "0-1"]
[WhiteElo "1685"]
[BlackElo "2046"]

1. d4 d5 2. c4 c6 3. Nf3 Nf6 4. Nc3 e6 5. e3 Be7 6. Bd3 c5 7. O-O dxc4 8. Bxc4
cxd4 9. exd4 O-O 10. Ne5 b6 11. Qf3 Nd5 12. Nxd5 exd5 0-1

[Event "Challenge"]
[Site "http://www.queenalice.com/game.php?id=597599"]
[Date "2009.6.2"]
[Round "-"]
[White "Aquariano"]
[Black "EliasOliveira28"]
[Result "1-0"]
[WhiteElo "1898"]
[BlackElo "1809"]

1. e4 e5 2. d4 d6 3. Nf3 Nf6 4. dxe5 dxe5 5. Nc3 Bd6 6. Bc4 Nc6 7. O-O O-O 8.
Ne2 Be6 9. Be3 Ng4 10. Qd2 Nxe3 11. Qxe3 Bxc4 12. b3 Bb5 13. c4 Ba6 14. Rad1 Re8
15. c5 Bxe2 16. Qxe2 Qf6 17. cxd6 cxd6 18. Rd3 Nb4 19. Re3 Rec8 20. Nd2 Nxa2 21.
Nc4 Nb4 22. Rf3 Qe7 23. Qd2 d5 24. exd5 Rd8 25. Re1 Rxd5 26. Qb2 Na6 27. Qc3 Nc5
28. Ne3 e4 29. Rg3 Rad8 30. Qxg7# 1-0

[Event "Challenge"]
[Site "http://www.queenalice.com/game.php?id=657972"]
[Date "2009.9.25"]
[Round "-"]
[White "Aquariano"]
[Black "Sangue_Russo"]
[Result "0-1"]
[WhiteElo "1506"]
[BlackElo "1500"]

1. e4 c5 2. Nf3 d6 3. d4 cxd4 4. Nxd4 Nf6 5. Nc3 a6 6. Bd3 e5 7. Nf3 Be6 8. Bg5
Nbd7 9. Bxf6 Nxf6 10. O-O Be7 11. Qe2 Rc8 12. Rac1 O-O 13. Nd5 Nxd5 14. exd5
Bxd5 15. Rfd1 Bxa2 16. Qe4 f5 17. Qe3 e4 18. Bxe4 fxe4 19. Qxe4 Bf6 20. Qxb7 Bc4
21. b3 Be2 22. Re1 Bxf3 23. Qxf3 Qb6 24. c4 Rfe8 25. Rxe8+ Rxe8 26. Kf1 Rf8 27.
Rb1 Bc3 28. Qxc3 Qxf2# 0-1